Descubra a nacionalidade dos famosos 2 - Statistics

Estatísticas Gerais
  • Esse quiz foi jogado 111 vezes
  • A pontuação média é 10 de 16
Estatísticas das Respostas
Imagem Resposta % Correto
Portugal
99%
Canadá
98%
Argentina
94%
China
91%
Brasil
90%
Colômbia
88%
Estados Unidos
82%
Austrália
77%
Reino Unido
68%
Espanha
48%
Irlanda
40%
Alemanha
30%
Belgica
30%
França
28%
Itália
28%
Rússia
26%
Nenhum quiz correspondente encontrado
Distribuição das Pontuações
Porcentagem de Pessoas com Cada Pontuação
Percentil de Números Respondidos
Sua Pontuação Histórica
Você não jogou esse quiz